| 000 | 00380cam a2200145ua 4500 | ||
|---|---|---|---|
| 041 |
_aeng _h |
||
| 082 |
_a824 _bSMI/AD |
||
| 100 | _aSmith, Gregory . | ||
| 245 |
_aAddison,steele and others: the spectator / _cGregory Smith. _hTextual Documents |
||
| 260 |
_aLondon : _bJ M Dent and Sons Ltd , _c1961. |
||
| 300 | _a566 ; . | ||
| 504 | _a | ||
| 942 | _cBK | ||
| 999 |
_c12825 _d12825 |
||